01375pab a2200181 454500008004000000100001700040245010500057260000900162300001400171362000800185520079900193650001300992773005101005908000601056909001001062999001701072952010401089180718b2010 xxu||||| |||| 00| 0 eng d aSalih, Ahmad aLocalizing the private sector workforce in the Gulf cooperation council countries: a study of Kuwait c2010 ap.169-81. aMar aThe Gulf States have the highest numbers of migrant workers in the world (Shah, 2006). The rapid economic growth these states have witnessed over the last five decades has made them an attraction to foreign labor from around the world. This study explores the problem of the low rate of citizens working in the private sector in the Gulf Cooperation Council (GCC) states, with a focus on the state of Kuwait. In order to gain a better understanding of the phenomenon under study, the problem is contextualized in the wider region by examining localization efforts in two other GCC countries: the United Arab Emirates (UAE) and Saudi Arabia. Considering the similar demographical, economic, and social conditions among GCC countries, the study was conducted in the State of Kuwait. - Reproduced. aManpower aInternational Journal of Public Administration aN a86646 c86646d86646 00104070aIIPAbIIPAd2018-07-19hVolume no: 33, Issue no: 4pAR87106r2018-07-19w2018-07-19yAR